FM-4W. 4-Way Reach truck.

Uložené v:
Podrobná bibliografia
Médium: Kniha
Jazyk:Slovak
English
Vydané: [2016].
Vydanie:1. vyd.
Témy:
On-line prístup:http://www.still.co.uk
Fyzický popis: 7 s.
Tagy: Pridať tag
Žiadne tagy, Buďte prvý kto otaguje tento záznam!

MARC

LEADER 00000nam#a22000003a#4500
001 000529321
003 SVKKK
005 20161213101647.0
008 161213s2016 xo |||| 0 slo#d
040 |a SVKKK  |b slo  |c SVKKK  |e AACR2 
041 0 # |a eng 
044 |a xxk  |c GB 
080 |a 621.868.25  |2 2001 
110 2 |a STILL Materials Handling Ltd.  |c Aston Way, Leyland Preston PR26UX, Anglicko  |4 mfr 
245 1 0 |a FM-4W. 4-Way Reach truck. 
250 |a 1. vyd. 
260 # |c [2016]. 
300 |a 7 s. 
655 7 |a firemné prospekty  |2 SNKPH 
710 2 # |a STILL SR, s. r. o.  |c Dlhá 91, 949 07 Nitra  |4 dst 
856 4 1 |u http://www.still.co.uk 
910 |a svkkk 
998 |a FL 
090 |g SCKHL  |k SK42  |a 621.868.25  |j 233894  |i 529321-10  |4 zastaraná  |s Vyradená